pays de la zone euro - Statistiques

Statistiques générales
  • Ce quiz a été pris 104 fois
    86 depuis la dernière actualisation
  • Le résultat moyen est 16 sur 20
Statistiques - réponses
pays % Correct
france
98%
allemagne
95%
belgique
95%
espagne
91%
portugal
91%
italie
88%
pays bas
88%
autriche
86%
luxembourg
84%
grèce
81%
croatie
78%
finlande
76%
irlande
74%
lettonie
74%
lituanie
72%
estonie
71%
malte
71%
slovénie
67%
slovaquie
66%
chypre
60%
Aucun quiz correspondant
Distribution des résultats
% des personnes avec chaque résultat
Percentile par nombre de réponses
Votre historique - résultats
Vous n’avez pas pris ce quiz depuis la dernière actualisation